How interpretation makes international law : (Record no. 19965)

MARC details
000 -LEADER
fixed length control field 00778cam a22002415a 4500
001 - CONTROL NUMBER
control field 016588561
003 - CONTROL NUMBER IDENTIFIER
control field OSt
005 - DATE AND TIME OF LATEST TRANSACTION
control field 20151017134431.0
008 - FIXED-LENGTH DATA ELEMENTS--GENERAL INFORMATION
fixed length control field 131129t2014 enk frb f001 0 eng d
020 ## - INTERNATIONAL STANDARD BOOK NUMBER
International Standard Book Number 9780198712978 (pbk.)
020 ## - INTERNATIONAL STANDARD BOOK NUMBER
Cancelled/invalid ISBN 9780192657674 (hbk.)
040 ## - CATALOGING SOURCE
Original cataloging agency StDuBDS
Language of cataloging eng
Transcribing agency StDuBDS
Modifying agency Uk
-- EG-ScBUE
082 04 - DEWEY DECIMAL CLASSIFICATION NUMBER
Classification number 341
Edition number 22
Item number VEN
100 1# - MAIN ENTRY--PERSONAL NAME
Personal name Venzke, Ingo,
9 (RLIN) 38504
245 10 - TITLE STATEMENT
Title How interpretation makes international law :
Remainder of title on semantic change and normative twists /
Statement of responsibility, etc Ingo Venzke.
260 ## - PUBLICATION, DISTRIBUTION, ETC. (IMPRINT)
Place of publication, distribution, etc Oxford :
Name of publisher, distributor, etc Oxford university press,
Date of publication, distribution, etc c.2014.
300 ## - PHYSICAL DESCRIPTION
Extent xxiv, 319 p. ;
Dimensions 24 cm.
500 ## - GENERAL NOTE
General note Index : p. 313-319.
504 ## - BIBLIOGRAPHY, ETC. NOTE
Bibliography, etc Bibliography : p. 266-311.
650 #7 - SUBJECT ADDED ENTRY--TOPICAL TERM
Topical term or geographic name as entry element International law.
Source of heading or term BUEsh
9 (RLIN) 9620
653 ## - INDEX TERM--UNCONTROLLED
Resource For college BAEPS, Political Science
Arrived date list June2015
-- October2015
942 ## - ADDED ENTRY ELEMENTS (KOHA)
Source of classification or shelving scheme Dewey Decimal Classification
Holdings
Withdrawn status Lost status Source of classification or shelving scheme Damaged status Not for loan Koha collection Home library Current library Shelving location Date acquired Source of acquisition Cost, normal purchase price Serial Enumeration / chronology Total Checkouts Total Renewals Full call number Barcode Date last seen Date last borrowed Cost, replacement price Koha item type
    Dewey Decimal Classification     Alahram Central Library Central Library First floor 28/06/2015 Purchase 312.00 319 1 5 341 VEN 000039170 15/07/2025 08/03/2017 390.00 Book - Borrowing